| 000 | 01026nam a22002175i 4500 | ||
|---|---|---|---|
| 001 | 157130 | ||
| 003 | ES-MaACL | ||
| 005 | 20250824063054.0 | ||
| 008 | 020322s1864 sp |||| | spa d | ||
| 040 |
_aCAM _bspa _cCAM |
||
| 100 | 1 |
_aLarra y Wetoret, Luis Mariano de, _d1830-1901 _970289 |
|
| 245 | 1 | 4 |
_aUna revancha _b: zarzuela en un acto y en verso / _cletra de Luis Mariano de Larra ; música de Campo. |
| 260 |
_aMadrid : _b[s.n.], _c1864 ( _fImprenta de José Rodríguez) |
||
| 300 |
_a39 p. ; _c19 cm. |
||
| 500 | _aEn port.: Representada por primera vez en el teatro del Circo el dia 23 de setiembre de 1864. | ||
| 500 | _aSolo la letra. | ||
| 596 | _aAl v. de port. consta : "... Galería dramática y lírica titulada El Teatro..." | ||
| 700 | 1 |
_aCampo, Ignacio Agustín. _9142003 |
|
| 852 |
_aES-MaACL _jF-8611(5) _z-- Enc. pasta española _q-- Falto de la cub. original _z--Enc. en un vol. facticio formando parte de la col. facticia "Teatro español moderno", vol. 66 |
||
| 999 |
_c157130 _d157130 |
||